00317 a2200109 4500001001000000005001700010008004100027245001900068100002500087773007800112999001700190ART_1161720260410161858.0260409a 10aET, OT and SBT1 aMusgrave, Richard A.0 tJournal of public economicsg- Vol. 6, NÂș 1/2 (jul./ago. 1976)wREV11485 c25671d25671